000 00518nam a2200157 a 4500
001 000017230
005 20200929165045.0
008 100319s1987 dr 000 0 spa d
040 _aDO-SdBNP
_bspa
_cBNPHU
082 _axxx
_bC112r
100 1 _aCaballos, Zenón
_937883
245 1 0 _aRepública Dominicana :
_bla esterilización femenina en los últimos años /
_cZenón Caballos.
260 _aSanto Domingo :
_bConsejo Nacional de Población y Familia,
_c1987.
300 _a44 p. :
_bgraf. ;
_c29 cm.
049 _aBNPD
999 _c16755
_d16755